| 000 | 01199cam a2200349 a 4500 | ||
|---|---|---|---|
| 001 | 11802271 | ||
| 003 | OSt | ||
| 005 | 20140310184506.0 | ||
| 008 | 991005s2000 nyua b 000 1 eng | ||
| 010 | _a 99051677 | ||
| 020 | _a9780439243582 | ||
| 040 |
_aDLC _cDLC _dDLC |
||
| 042 | _alcac | ||
| 050 | 0 | 0 |
_aPZ 7 _b.L8432Fr 2001 |
| 100 | 1 |
_aLondon, Jonathan, _d1947- _928968 |
|
| 245 | 1 | 0 |
_aFroggy bakes a cake / _cby Jonathan London ; illustrated by Frank Remkiewicz. |
| 260 |
_aNew York : _bGrosset & Dunlap, _c2001 |
||
| 300 |
_bcol. ill. ; _c20 cm. |
||
| 520 | _aAs he helps his father prepare to celebrate his mother's birthday, Froggy makes a big mess trying to do things his own way. | ||
| 521 | _aG1 | ||
| 526 | _c260 | ||
| 562 | _e1 | ||
| 650 | 1 |
_aFrogs _vFiction. _928969 |
|
| 650 | 1 |
_aBaking _vFiction. _928970 |
|
| 650 | 1 |
_aBirthdays _vFiction. _928971 |
|
| 650 | 1 |
_aFathers and sons _vFiction. _928972 |
|
| 700 | 1 |
_aRemkiewicz, Frank, _eill. _928973 |
|
| 906 |
_a7 _bcbc _corignew _d1 _eocip _f19 _gy-gencatlg |
||
| 942 |
_2lcc _cBK-SCHOLAS |
||
| 999 |
_c34842 _d34842 |
||